Cultural diversity & ethníc minority psychology (Record no. 139984)
[ view plain ]
| 000 -LEADER | |
|---|---|
| fixed length control field | nas a22 7a 4500 |
| 005 - DATE AND TIME OF LATEST TRANSACTION | |
| control field | 20180416125331.0 |
| 008 - FIXED-LENGTH DATA ELEMENTS--GENERAL INFORMATION | |
| fixed length control field | 180416s20069999-usq||p| |||| 00| a1eng d |
| 022 ## - INTERNATIONAL STANDARD SERIAL NUMBER | |
| International Standard Serial Number | 10999809 |
| 050 04 - LIBRARY OF CONGRESS CALL NUMBER | |
| Classification number | RC455.4.E8 |
| Item number | C85 2006 |
| 245 00 - TITLE STATEMENT | |
| Title | Cultural diversity & ethníc minority psychology |
| Remainder of title | . |
| 260 ## - PUBLICATION, DISTRIBUTION, ETC. (IMPRINT) | |
| Place of publication, distribution, etc | Washington, DC : |
| Name of publisher, distributor, etc | American Psychological Association, |
| Date of publication, distribution, etc | 2006 |
| 310 ## - CURRENT PUBLICATION FREQUENCY | |
| Current publication frequency | Cuatro veces al año |
| 362 0# - DATES OF PUBLICATION AND/OR SEQUENTIAL DESIGNATION | |
| Dates of publication and/or sequential designation | Volumen 12, Número 1 (enero, 2006) |
| 500 ## - GENERAL NOTE | |
| General note | Título tomado de la cubierta. |
| 550 ## - ISSUING BODY NOTE | |
| Issuing body note | Publicación de la American Psychological Association |
| 555 ## - CUMULATIVE INDEX/FINDING AIDS NOTE | |
| Cumulative index/finding aids note | Volumen 12, Núm. 1 (enero, 2006)- |
| 588 ## - NOTA DE FUENTE DE LA DESCRIPCIÓN | |
| Nota de fuente de la descripción | Descripción basada en Volumen 12, Núm. 1 (enero, 2006) |
| 650 #2 - SUBJECT ADDED ENTRY--TOPICAL TERM | |
| Topical term or geographic name as entry element | Psiquiatría cultural |
| Form subdivision | Publicaciones seriadas. |
| 710 2# - ADDED ENTRY--CORPORATE NAME | |
| Corporate name or jurisdiction name as entry element | American Psychological Association. |
| 942 ## - ADDED ENTRY ELEMENTS (KOHA) | |
| Source of classification or shelving scheme | Biblioteca del Cogreso de los Estados Unidos |
| Koha item type | Revista |
| Estado de pérdida | Fuente de clasificación | Estado del daño | No para préstamo | Ubicación permanente | Ubicación actual | Apartado o colección | Fecha de adquisición | Edición | Área del conocimiento | Clasificación | Código de Barras | Date last seen | Número de copia | Tipo de recurso |
|---|---|---|---|---|---|---|---|---|---|---|---|---|---|---|
| Biblioteca del Cogreso de los Estados Unidos | Consulta | Biblioteca de la Facultad de Psicología | Biblioteca de la Facultad de Psicología | Consulta | 16/04/2018 | 1a ed. | Ciencias de la Salud | RC455.4.E8 C85 2006 | RBFP000000557 | 16/04/2018 | 1 | Revista | ||
| Biblioteca del Cogreso de los Estados Unidos | Consulta | Biblioteca de la Facultad de Psicología | Biblioteca de la Facultad de Psicología | Consulta | 16/04/2018 | 1a ed. | Ciencias de la Salud | RC455.4.E8 C85 2006 | RBFP000000558 | 16/04/2018 | 1 | Revista | ||
| Biblioteca del Cogreso de los Estados Unidos | Consulta | Biblioteca de la Facultad de Psicología | Biblioteca de la Facultad de Psicología | Consulta | 16/04/2018 | 1a ed. | Ciencias de la Salud | RC455.4.E8 C85 2006 | RBFP000000559 | 16/04/2018 | 1 | Revista | ||
| Biblioteca del Cogreso de los Estados Unidos | Consulta | Biblioteca de la Facultad de Psicología | Biblioteca de la Facultad de Psicología | Consulta | 16/04/2018 | 1a ed. | Ciencias de la Salud | RC455.4.E8 C85 2006 | RBFP000000560 | 16/04/2018 | 1 | Revista |